Xue y la conquista / (Registro nro. 326415)

Detalles MARC
000 -ENCABEZADO
Número de control [NR] 01187nam a22002177a 4500
005 - FECHA Y HORA DE LA ÚLTIMA TRANSACCIÓN
control field 20260527151915.0
008 - DE LONGITUD FIJA DE DATOS DE ELEMENTOS - INFORMACIÓN GENERAL
Elementos de longitud fija [NR] 260519t1991 |||||||| |||| 00| 0 spa d
040 ## - FUENTE DE CATALOGACION [NR]
Agencia de catalogación original [NR] CO-BoUCM
Idioma de catalogación [NR] spa
Quien Cataloga Stefania Borbon
Quien Clasifica Stefania Borbon
041 ## - CODIGO DE IDIOMA [R]
Código de idioma para texto/pista de sonido o título separado [R] Español
100 ## - ASIENTO PRINCIPAL--NOMBRE PERSONAL [NR]
Nombre personal [NR] Barrios Galvis, Jorge
ID Autoridad 189296
245 ## - MENCION DE TITULO [NR]
Título [NR] Xue y la conquista /
Mención de responsabilidad, etc. [NR] Jorge Barrios Galvis ; ilustraciones por Gustavo López García
260 ## - PUBLICACION, DISTRIBUCION, ETC. (PIE DE IMPRENTA) [R]
Lugar de publicación, distribución, etc. [R] Bogotá :
Nombre del editor, distribuidor, etc. [R] Editorial ABC,
Fecha de publicación, distribución, etc. [R] 1991
300 ## - DESCRIPCION FISICA [R]
Extensión [R] 265 páginas
520 ## - NOTA DE RESUMEN, ETC. [R]
Nota de sumario, etc. [NR] Obra de narrativa colombiana publicada en 1991, coincidiendo con las vísperas de la conmemoración del Quinto Centenario del Descubrimiento de América. El título sugiere una temática histórica o indigenista centrada en el periodo de la Conquista. Cuenta con soporte gráfico de Gustavo López García y fue producida bajo el sello de la Editorial ABC en Bogotá.
650 #7 - ASIENTO SECUNDARIO DE MATERIA - TERMINO TEMATICO [R]
Término temático o nombre geográfico como elemento de entrada [NR] Novela colombiana
Subdivisión cronológica [R] Siglo XX
9 (RLIN) 84478
650 #7 - ASIENTO SECUNDARIO DE MATERIA - TERMINO TEMATICO [R]
Término temático o nombre geográfico como elemento de entrada [NR] Colombian fiction
Subdivisión cronológica [R] 20th century
9 (RLIN) 189297
651 ## - ASIENTO SECUNDARIO DE MATERIA - NOMBRE GEOGRAFICO [R]
Nombre geográfico [NR] Colombia
Subdivisión de forma [R] Novela
Subdivisión general [R] Historia
Subdivisión cronológica [R] Descubrimiento y conquista, 1492-1550
9 (RLIN) 189298
700 ## - ASIENTO SECUNDARIO - NOMBRE PERSONAL [R]
Nombre personal [NR] López García, Gustavo
Término de relación [R] ilustrador
9 (RLIN) 189299
942 ## - ELEMENTOS DE ENTRADA AGREGADOS (KOHA)
Sistema de clasificación DEWEY
Tema principal Literatura
Tipo de ítem principal el descrito en 300a Libro
Edición 1
Clasificación 863.6
Parte restante de la signatura top. B276x
Existencias
Total préstamos Signatura topográfica Código de barras Última vez visto Ejemplar Costo de reposición Price effective from Tipo de ítem Perdido Sistema de clasificación Dañado No prestable Tipo de ítem específico Suprimido Ubicación habitual Ubicación actual Localización Fecha de creación Forma de adquisición
  863.6 B276x 100175274 20/05/2026 Ej.1 26000.00 19/05/2026 Libro   DEWEY     Libro   Claustro Claustro 2do piso 19/05/2026 Donación